Comprensión de la macroeconomía

Saved in:
Bibliografiske detaljer
Hovedforfatter: Heilbroner, Robert L (Author)
Format: Bog
Sprog:spansk
Udgivet: Ciudad de México UTEHA 1966
Serier:Biblioteca UTEHA de Economía
Fag:
Tags: Tilføj Tag
Ingen Tags, Vær først til at tagge denne postø!

MARC

LEADER 00000nam a2200000 a 4500
001 UCU2559
003 CL-VaPUC
008 960426e19660000MX |||||||||||||||||spa|d
082 0 4 |a 339  |b HEI  |2 21 
100 |a Heilbroner, Robert L  |e author  |9 449968 
245 1 0 |a Comprensión de la macroeconomía 
300 |a 228 p 
942 |c BK 
945 |d 19960426 00:00:00  |a cmena 
260 |a Ciudad de México  |b UTEHA  |c 1966 
650 0 |a Análisis macroeconómico  |9 358711 
650 0 |a Teorías económicas  |9 270968 
650 0 |a Economía   |9 255568 
650 0 |a Microeconomía  |9 258126 
650 7 |a RENTA  |2 CL-VaPUC  |9 358792 
650 7 |a CONSUMISMO  |2 CL-VaPUC  |9 358839 
650 0 |a Capital   |9 263726 
650 7 |a MERCADO FINANCIERO  |2 CL-VaPUC  |9 320731 
650 0 |a Moneda  |9 342365 
650 0 |a Oferta y demanda  |9 255571 
650 0 |a Trabajo y empleo  |9 315054 
650 0 |a Política económica   |9 255029 
650 0 |a Desarrollo económico y social   |9 256320 
583 |a last modification  |c 19960426 00:00:00  |k Rodrigo Vera 
490 0 |a Biblioteca UTEHA de Economía 
999 |c 246824  |d 246822 
952 |0 0  |1 0  |4 0  |6 339_000000000000000_HEI_1966  |7 0  |8 A  |9 262103  |a BIBING  |b BIBING  |d 2019-11-19  |i 1645188  |o 339 HEI 1966  |p 1645188  |r 2025-01-20  |w 2019-11-19  |y BK  |k TRA 
952 |0 0  |1 0  |4 0  |6 339_000000000000000_HEI_1966  |7 0  |8 A  |9 262104  |a BIBENE  |b BIBENE  |d 2019-11-19  |i 1998048  |o 339 HEI 1966  |p 1998048  |r 2025-01-15  |w 2019-11-19  |y BK  |k ICO 
952 |0 0  |1 0  |4 0  |6 339_000000000000000_HEI_1966  |7 0  |8 A  |9 262105  |a BIBENE  |b BIBENE  |d 2019-11-19  |i 1998099  |o 339 HEI 1966  |p 1998099  |r 2025-01-15  |w 2019-11-19  |y BK  |k ICO